书目信息 |
| 题名: |
谈判艺术大全
|
|
| 作者: | 张弘 , 程文超 著 | |
| 分册: | ||
| 出版信息: | 呼和浩特 远方出版社 2004 |
|
| 页数: | 307页 | |
| 开本: | 21cm | |
| 丛书名: | 实用智慧文库 | |
| 单 册: | ||
| 中图分类: | F715.4 | |
| 科图分类: | ||
| 主题词: | 商业--经济合同--企业管理 | |
| 电子资源: | ||
| ISBN: | 7-80595-933-1 | |
| 000 | 00758oam2 2200253 45 | |
| 001 | 060000008722 | |
| 005 | 20051017165749.96 | |
| 010 | @a7-80595-933-1@dCNY25.00 | |
| 100 | @a20040923d2004 ekmy0chiy0120 ea | |
| 101 | 0 | @achi |
| 102 | @aCN@b150000 | |
| 105 | @ay z 000yy | |
| 200 | 1 | @a谈判艺术大全@9tan pan yi shu da quan@f张弘,程文超著@Fzhang hong,cheng wen chao zhu |
| 210 | @a呼和浩特@c远方出版社@d2004 | |
| 215 | @a307页@d21cm | |
| 225 | 2 | @a实用智慧文库 |
| 330 | @a本书内容包括实战篇,方法篇,和修炼篇。 | |
| 461 | 0 | @12001 @a实用智慧文库 |
| 606 | 0 | @a商业@x经济合同@x企业管理 |
| 690 | @aF715.4@v4 | |
| 701 | 0 | @a张弘@Azhang hong@4著 |
| 701 | 0 | @a程文超@Acheng wen chao@4著 |
| 801 | 0 | @aCN@bTSSF@c20051017 |
| 905 | @a10447@dF715.4@e108 | |
| 谈判艺术大全/张弘,程文超著.-呼和浩特:远方出版社,2004 |
| 307页;21cm.-(实用智慧文库) |
| ISBN 7-80595-933-1:CNY25.00 |
| 本书内容包括实战篇,方法篇,和修炼篇。 |
| ● |
| 相关链接 |
|
|
|
|
正题名:谈判艺术大全
索取号:F715.4/108
 
预约/预借
| 序号 | 登录号 | 条形码 | 馆藏地/架位号 | 状态 | 备注 |
| 1 | 0366436 | 3664369 | 第一样本阅览室/ [索取号:F715.4/108] | 在馆 | |
| 2 | 0366437 | 3664378 | 第一借阅区/ [索取号:F715.4/108] | 在馆 | |
| 3 | 0366438 | 3664387 | 第一借阅区/ [索取号:F715.4/108] | 在馆 | |
| 4 | 0366439 | 3664396 | 第一借阅区/ [索取号:F715.4/108] | 在馆 | |
| 5 | 0366440 | 3664403 | 第一借阅区/ [索取号:F715.4/108] | 在馆 |